000 00548nam a2200181Ia 4500
008 151018s9999 xx 000 0 und d
082 _bRBASDV38796
_a891.463
100 _aकृ पं देशपांडे
245 _aअमर बलिदान
250 _b3
260 _bमधुराज
_c2005
300 _a58
600 _aकृ पं देशपांडे
630 _aअमर बलिदान
700 _aकृ पं देशपांडे
730 _aअमर बलिदान
942 _cBOOK
999 _c1038176
_d1038173